De la medida

Guardado en:
Detalles Bibliográficos
Autor principal: Durero, Alberto (Autor)
Formato: Libro
Lenguaje:español
Publicado: Madrid Akal 2000
Materias:
Etiquetas: Agregar Etiqueta
Sin Etiquetas, Sea el primero en etiquetar este registro!

MARC

LEADER 00000cam a2200000 a 4500
001 UCF6546
003 CL-VaPUC
008 130503e20000000SP |||||||||||||||||spa|d
020 |a 8446014599 
082 0 4 |a 686.224  |b DUR  |2 21 
100 |a Durero, Alberto  |e author  |9 265606 
245 1 0 |a De la medida 
300 |a 391 p 
942 |c BK 
945 |d 20130503 00:00:00  |a dcastane 
260 |a Madrid  |b Akal  |c 2000 
650 0 |a Alfabetos  |9 265604 
650 0 |a Obras ilustradas  |9 265022 
650 7 |a LETRAS ORNAMENTALES  |2 CL-VaPUC  |9 568542 
650 0 |a Dibujo arquitectónico  |9 266673 
583 |a last modification  |c 20130503 10:06:00  |k Rodrigo Vera 
999 |c 351712  |d 351710 
952 |0 0  |1 0  |4 0  |6 686_224000000000000_DUR_2000  |7 0  |8 A  |9 455992  |a BIBARQ  |b BIBARQ  |d 2019-11-22  |i 4968786  |l 2  |o 686.224 DUR 2000  |p 4968786  |r 2025-01-20  |s 2023-09-25  |w 2019-11-22  |y BK  |k ARQ